Repertorio de legislación y jurisprudencia chilenas. Código de Comercio
Kaydedildi:
| Materyal Türü: | Kitap |
|---|---|
| Dil: | İspanyolca |
| Baskı/Yayın Bilgisi: |
Santiago
Jurídica de Chile
1970
|
| Konular: | |
| Etiketler: |
Etiketle
Etiket eklenmemiş, İlk siz ekleyin!
|
MARC
| LEADER | 00000nam a2200000 a 4500 | ||
|---|---|---|---|
| 001 | UCR0776 | ||
| 003 | CL-VaPUC | ||
| 008 | 971205e19700000CL |||||||||||||||||spa|d | ||
| 082 | 0 | 4 | |a 348.046 |b REP |2 21 |
| 245 | 1 | 0 | |a Repertorio de legislación y jurisprudencia chilenas. Código de Comercio |
| 300 | |a v | ||
| 942 | |c BK | ||
| 945 | |d 19971205 00:00:00 |a lriquelm | ||
| 260 | |a Santiago |b Jurídica de Chile |c 1970 | ||
| 500 | |a v.1: Código de comercio | ||
| 500 | |a v.2: Ley de quiebras y legislación complementaria | ||
| 500 | |a v.3: Leyes complementarias | ||
| 650 | 0 | |a Derecho comercial |9 256340 | |
| 650 | 0 | |a Repertorio |9 258863 | |
| 650 | 0 | |a Código de comercio |9 329302 | |
| 650 | 0 | |a Derecho y legislación |9 255077 | |
| 650 | 0 | |a Jurisprudencia |9 255952 | |
| 650 | 7 | |a QUIEBRAS |2 CL-VaPUC |9 329303 | |
| 651 | 7 | |a CHILE |2 CL-VaPUC |9 397112 | |
| 583 | |a last modification |c 19971205 00:00:00 |k Rodrigo Vera | ||
| 999 | |c 264274 |d 264272 | ||
| 952 | |0 0 |1 0 |4 0 |6 348_046000000000000_REP_1970 |7 0 |8 F |9 294314 |a BIBDER |b BIBDER |d 2019-11-19 |h v.2 |i 1912488 |o 348.046 REP 1970 |p 1912488 |r 2023-01-25 |w 2019-11-19 |y BK_F |k DER | ||